00815cam a22002531i 4500001001300000003000400013005001700017008004100034010001700075035001900092040001800111042001200129050001900141100002000160245004900180260002400229300002600253500013400279500003400413504002900447650003000476650003800506999001700544sa 68020656 DLC20260227112726.0830526s1963 io a b 000 0 ind  asa 68020656  a(OCoLC)9548497 aDLCcOAUdDLC apremarc00aRA541.I55bS971 aSutedjo,d1914-10aHari depan ilmu kesehatan anak di Indonesia. a[Djakarta ;c1963?] a51 p. :bill.c23 cm. a"Pidato pengukuhan diutjapkan pada penerimaan djabatan gurubesar biasa dalam ilmu kesehatan anak, Fakultas Kedokteran Indonesia." aThe author's works: p. 46-48. aBibliography : p. 41-45. 0aPublic healthzIndonesia. 0aChild health serviceszIndonesia. c89543d89543